| 000 | 00681nam a22001937a 4500 | ||
|---|---|---|---|
| 999 |
_c18792 _d18792 |
||
| 003 | AR-CdUCM | ||
| 008 | 190515b ||||| |||| 00| 0 spa d | ||
| 040 |
_aMUNICIPALIDAD PROVINCIAL DEL CUSCO _cBIBLIOTECA MUNICIPAL DEL CUSCO |
||
| 082 |
_a868.57 / _bC312 |
||
| 100 |
_aCarracedo, Daniel _939596 |
||
| 245 |
_aPereda : _bEstudio y antología / |
||
| 260 |
_aMadrid : _bCompañía bibliográfica española, _c1964. |
||
| 300 |
_a193 páginas ; _c21 cm. |
||
| 440 |
_aColección un autor en un libro _939597 |
||
| 505 | _aContenido : El escritor y su mundo -- El escritor y su obra -- Antología... | ||
| 650 |
_aEsquema biográfico _939598 |
||
| 942 |
_2ddc _cLIBROS |
||
| 945 | _arcc | ||